Statistics for Unusual Baseball Names, The Sequel

Click here to take the quiz!

General Stats

  • This quiz has been taken 24 times
  • The average score is 18 of 30

Answer Stats

First Name Last Name Team (Year) % Correct
TrisSpeakerRed Sox (1907-15), Indians (1916-26), Senators (1927), A's (1928)
95%
Pee WeeReeseDodgers (1940-58)
95%
GaylordPerryVirtually everybody (1962-83)
95%
BryceHarperNationals (2012-present)
90%
IchiroSuzukiJapan (1992-2000), Mariners (2001-12), Yankees (2012-14), Marlins (2015-present)
90%
NapLajoiePhillies (1896-1900), A's (1901-02, 1915-16), Indians (1902-14)
90%
BrooksRobinsonOrioles (1955-77)
86%
YuDarvishJapan (2005-11), Rangers (2012-17), Dodgers (2017-present)
81%
NellieFoxA's (1947-49), White Sox (1950-63), Astros (1964-65)
81%
Cool PapaBellNegro Leagues (1922-42)
76%
YoenisCespedesA's (2012-14), Red Sox (2014), Tigers (2015), Mets (2015-present)
71%
MudcatGrantVirtually everybody (1958-71)
62%
BipRobertsPadres (1986-91, 1994-95), Reds (1992-93), Royals (1996-97), Tigers/A's (1998)
62%
XanderBogaertsRed Sox (2013-present)
62%
GormanThomasBrewers (1973-83, 1986), Indians (1983), Mariners (1984-86)
62%
NoahSyndergaardMets (2015-present)
62%
KenleyJansenDodgers (2010-present)
52%
ElroyFacePirates (1953-68), Tigers (1968), Expos (1969)
52%
HomerBaileyReds (2007-present)
48%
BakeMcBrideCardinals (1973-77), Phillies (1977-81), Indians (1982-83)
48%
TyrusCobbTigers (1905-26), A's (1927-28)
43%
GatesBrownTigers (1963-75)
38%
DellinBetancesYankees (2011-present)
38%
LymanBostockTwins (1975-77), Angels (1978)
33%
SixtoLezcanoBrewers (1974-80), Cardinals (1981), Padres (1982-83), Phillies (1983-84), Pirates (1985)
33%
HeinieManushTigers (1923-27), Browns (1928-30), Senators (1930-35), Red Sox (1936), Dodgers (1937-38), Pirates (1938-39)
29%
BiffPocorobaBraves (1975-84)
24%
MooseHaasBrewers (1976-85), A's (1986-87)
19%
Van LingleMungoDodgers (1931-41), Giants (1942-45)
19%
BomboRiveraExpos (1975-76), Twins (1978-80), Royals (1982)
19%

Score Distribution

Percentile by Number Answered

Percent of People with Each Score

Your Score History

You have not taken this quiz